| 000 | 00877nam a2200277 a 4500 | ||
|---|---|---|---|
| 001 | BRL_365 | ||
| 005 | 20190320210716.0 | ||
| 008 | 050813s1963----mx-a######---#000-0#spa-# | ||
| 020 | _a9681606620 | ||
| 041 | _aspa | ||
| 044 | _amx | ||
| 050 | 4 |
_aF1219.56 _b.S45 1963 |
|
| 100 | 1 |
_aSeler, Eduard _d1849-1922 _95287 |
|
| 245 | 1 | 0 |
_aComentarios al Códice Borgia _cEduard Seler ; traducción Mariana Frenk. |
| 260 |
_aMéxico _bFCE _c1963 |
||
| 300 |
_a3 v. _bil. (algunas a color) _c29 cm. |
||
| 500 | _aAu343 | ||
| 505 | 0 | _aContenido : v.1 Comentarios al códice Borgia. -- v.2 Comentarios al códice Borgia. -- v.3 Códice Borgia | |
| 630 | 0 | 4 |
_aCódice Borgia _95289 |
| 650 | 1 | 4 |
_aAztecas _xReligión _95290 |
| 650 | 1 | 4 |
_aCalendario azteca _9777 |
| 650 | 1 | 4 |
_aIndigenas de México _xReligión _95291 |
| 700 | 1 |
_aFrenk, Mariana _923674 |
|
| 902 | _aGRL | ||
| 942 |
_2lcc _cB |
||
| 999 |
_c9178 _d9178 |
||